000 01012cam a22002651 4500
001 gs 39000255
003 DLC
005 20260227111344.0
008 790607s1939 ilua s000 0 eng
010 _ags 39000255
035 _a(OCoLC)5043273
040 _aDLC
_cTxCM
_dDLC
042 _apremarc
050 0 0 _aQE105
_b.A25 no. 55
100 1 _aMcCabe, Louis Cordell,
_d1904-
245 1 0 _aEffect of preparation on ash fusibility of selected Illinois coals,
_cby L. C. McCabe and O. W. Rees.
260 _aUrbana, Illinois,
_bprinted by authority of the state of Illinois,
_c1939.
300 _a31 p.
_billus.
410 2 0 _aIllinois State Geological Survey
_tReport of investigations
_vno. 55
500 _aAt head of title: State of Illinois. Department of Registration and Education. Division of the State Geological Survey.
650 0 _aCoal
_xTesting.
650 0 _aCoal
_zIllinois.
700 1 _aRees, Orin Wainwright,
_d1898-
_ejoint author.
740 0 _aAsh fusibility of selected Illinois coals.
999 _c27575
_d27575